Piosenki Patriotyczne z różnych państw - Statystyki

Ogólne statystyki
  • Ten quiz został rozwiązany 11 razy
  • Średni wynik to 13 z 15
Statystyki odpowiedzi
Piosenka Państwo % Poprawnych
Tian Shang Tai Yang Hong Tong Tong Chiny
100%
Polka Modřanska Czechy
100%
Litwinka Litwa
100%
Erika Niemcy
100%
Pierwsza Brygada Polska
100%
Katyusha Rosja
100%
Rule, Britannia! Wielka Brytania
100%
Säkkijärven Polka Finlandia
89%
Chant du départ Francja
89%
Sorood-e shahanshahi Iran
89%
This Land is Your land USA
89%
Bosanska Artiljerija Bośnia i Hercegowina
78%
Battotai Japonia
78%
Allah, Souriya w Bashar Syria
67%
Cielito Lindo Meksyk
56%
Nie znaleziono quizów pasujących do podanych kryteriów
Rozkład punktacji
Procent ludzi z każdym wynikiem
Percentyl według liczby udzielonych odpowiedzi
Twoja historia wyników
Nie rozwiązałeś tego quizu